00676nam a2200181Ia 4500008004100000020001800041041000800059082001500067100002400082245005600106260002300162300000800185365001600193700005000209906005000259999001900309952016600328230718s9999 xx 000 0 und d a9789351103448 aeng a006.6bSHE aSheltren J.9196012 aHigh Performance DrupalbFast And Scalable Designs  c2013bO'Reilly/SPD a239 cRs.b450.00 aSheltren J.; Newton N. & Catchpole N.9196013 dO:0386917-May-2014B:559508-Apr-2014cCOMPb99 c336088d336088 00104070aCCEPbCCEPd2014-05-17eTechnical Book ServicesfCOMPg351.00i5595l0o006.6pCCEP-BK-47295r2023-07-18 00:00:00t99v450.00w2014-04-08yBKz047295